| 000 | 00000nam##2200000za#4500 |
| 001 | 9.567581 |
| 003 | CaOODSP |
| 005 | 20210624180838 |
| 007 | cr ||||||||||| |
| 008 | 150406|1997||||xxc|||||o f|0| 0 eng|d |
| 040 | |aCaOODSP|beng |
| 043 | |an-cn--- |
| 086 | 1 |aBT31-2/1998-III-90E-PDF |
| 110 | 1 |aCanada. |bTreasury Board. |
| 245 | 10|aCanadian Centre for Management Development, 1997-98 estimates, part III, expenditure plan |h[electronic resource] |
| 260 | |aOttawa - Ontario : |bTreasury Board of Canada Secretariat |cc1997. |
| 300 | |a26p.|borganization chart, tables |
| 490 | 1 |a1997-98 estimates. Part III, Expenditure plan |
| 500 | |aIncorrect catalogue number (BT31-2/1997-III-90) and ISBN (0-660-60127-3) copied in this electronic publication. |
| 590 | |a10-06-Supp|b2010-07-26 |
| 775 | 08|tCentre canadien de gestion, budget des dépenses 1997-1998, partie III, plan de dépenses |w(CaOODSP)9.598913 |
| 776 | 0#|tCanadian Centre for Management Development |w(CaOODSP)9.528088 |
| 776 | 0#|tCentre canadien de gestion |w(CaOODSP)9.528089 |
| 830 | #0|a1997-98 estimates. Part III, Expenditure plan.|w(CaOODSP)9.506109 |
| 856 | 40|ahttp://publications.gc.ca|qPDF|s218 KB|uhttps://publications.gc.ca/collections/Collection/BT31-2-1998-III-90E.pdf |